000
00318nam a22001457a 4500
003
SGT
020
_a
978-93-81608-71-5
082
_a
615.51
_b
S16S
100
_a
SINGH, RAJBIR
245
_a
SHALAKYA TANTRA
260
_a
NEW DELHI
_b
CHAUKHAMBHA PUB
_c
2016
300
_a
788
650
_a
AYURVEDA
942
_2
ddc
_c
BK
_0
71
999
_c
14507
_d
14507